Plan general francés de contabilidad (Registro nro. 976)

Detalles MARC
000 -LEADER
fixed length control field 01332 a2200241 4500
001 - CONTROL NUMBER
control field 22355
005 - DATE AND TIME OF LATEST TRANSACTION
control field 20260407155513.0
008 - FIXED-LENGTH DATA ELEMENTS--GENERAL INFORMATION
fixed length control field 260407a1992 arg spa d
003 - CONTROL NUMBER IDENTIFIER
control field AR-UNSa-BCEJYS
040 ## - CATALOGING SOURCE
Original cataloging agency AR-UNSa-BCEJYS
Language of cataloging spa
Transcribing agency AR-UNSa-BCEJYS
080 ## - UNIVERSAL DECIMAL CLASSIFICATION NUMBER
Universal Decimal Classification number 657
Common auxiliary subdivision Contabilidad
020 ## - INTERNATIONAL STANDARD BOOK NUMBER
International Standard Book Number 84-7196-988-2
100 1# - MAIN ENTRY--PERSONAL NAME
Personal name Mallo Rodriguez, Carlos
245 10 - TITLE STATEMENT
Title Plan general francés de contabilidad
264 #1 - PRODUCTION, PUBLICATION, DISTRIBUTION, MANUFACTURE, AND COPYRIGHT NOTICE
Place of production, publication, distribution, manufacture Madrid :
Name of producer, publisher, distributor, manufacturer Ministerio de Economía y Hacienda
Date of production, publication, distribution, manufacture, or copyright notice 1992
300 ## - PHYSICAL DESCRIPTION
Extent (pag. var.)
Dimensions 30 cm.
505 ## - FORMATTED CONTENTS NOTE
Formatted contents note Título I: 1. Disposiciones generales - 2. Terminología 3. Plan de cuentas - Título II: 1. Reglas relativas a los métodos de valoración y a la determinación del resultado de la empresa - 2. Financiamiento de las cuentas. Documentos de síntesis - 3. Disposiciones especiales - 4. Consolidación de cuentas: metodología - Título III: 1. Disposiciones generales - 2. Sistema general de análisis contable - 3. Nomenclatura de las cuentas - 4. Métodos de cálculo - 5. Empleo de la contabilidad analítica en la gestión de la empresa
590 ## - LOCAL NOTE (RLIN)
Local note niveau_biblio:m niveau_hierar:0
700 1# - ADDED ENTRY--PERSONAL NAME
Personal name Fernández Peña, Enrique
700 1# - ADDED ENTRY--PERSONAL NAME
Personal name Caravajal, Luis
856 41 - ELECTRONIC LOCATION AND ACCESS
Uniform Resource Identifier <a href="https://biblioeco.unsa.edu.ar/pmb/images/libros/Plan General Frances de Contabilidad-l119510.jpg">https://biblioeco.unsa.edu.ar/pmb/images/libros/Plan General Frances de Contabilidad-l119510.jpg</a>
Link text Imagen de portada
Electronic format type image/jpeg
942 ## - ADDED ENTRY ELEMENTS (KOHA)
Koha item type
Existencias
Withdrawn status Lost status Damaged status Not for loan Home library Current library Shelving location Date acquired Total checkouts Full call number Barcode Date last seen Price effective from Koha item type
        Biblioteca Prof. Eusebio Cleto del Rey Biblioteca Prof. Eusebio Cleto del Rey   07/04/2026   P657 F362 L119510 07/04/2026 07/04/2026 Libro